000 00848nam a2200229 i 4500
001 180162
003 ES-MaACL
005 20251010144802.0
008 120509s2011 sp a |||| | spa d
020 _a978-84-9802-496-8
080 _a821.134.2-31"19"
100 1 _aDelgado González, José Antonio,
_d1972-
_9149946
245 1 3 _aLa hermandad de los iniciados /
_cJosé Antonio Delgado González.
250 _a1ª ed.
260 _aFuenlabrada (Madrid) :
_bEntrelíneas,
_c2011.
300 _a228 p. :
_b1 il. col. ;
_c24 cm.
700 1 _aRodríguez Fernández, María Isabel,
_d1971-
_9149947
852 _aES-MaACL
_jA-12073
_9187072
_bR.146958
_cDEPO1
_xDonación: José Antonio Delgado González
_dOlim: N-5078
903 _aDelgado González, José Antonio,
_d1972-
_ednr
_9149946
942 _2udc
999 _c180162
_d180162